Bibliographie zur deutschen historischen Städteforschung / (Titelsatznr. 73879)
[ MARC ]
| 000 -Satzkennung | |
|---|---|
| Kontrollfeld mit fester Länge | 00738nam a2200241 4500 |
| 001 - Kontrollnummer | |
| Kontrollfeld | 13290 |
| 003 - Kontrollnummer Identifier | |
| Kontrollfeld | OSt |
| 005 - Datum und Zeit der letzten Transaktion | |
| Kontrollfeld | 20220117120207.0 |
| 007 - Feld mit fester Länge zur physischen Beschreibung - Allgemeine Information | |
| Kontrollfeld mit fester Länge | tu |
| 008 - Feld mit fester Länge zur physischen Beschreibung - Allgemeine Angaben | |
| Kontrollfeld mit fester Länge | s1986||||||| ger |
| 020 ## - Internationale Standardbuchnummer | |
| Internationale Standardbuchnummer | 3412076856 |
| 040 ## - Katalogisierungsquelle | |
| Original-Katalogisierungsstelle | DE-2950 |
| Übertragungsstelle | DE-2950 |
| 041 ## - Sprachcode | |
| Sprachcode des Textes/der Tonspur oder des separaten Titels | ger |
| 100 1# - Haupteintragung - Personenname | |
| Personenname | Schröder, Brigitte |
| 245 00 - Titel | |
| Titel | Bibliographie zur deutschen historischen Städteforschung / |
| Verfasserangabe etc. | bearb. von Brigitte Schröder u. Heinz Stoob. In Verb. m. Wilfried Ehbrecht u. Brigitte Schröder hrsg. von Heinz Stoob. |
| 264 ## - Produktion, Veröffentlichung, Distribution, Herstellung und Urheberrechtsvermerk | |
| Herstellungs-, Veröffentlichungs- Vertriebs-, Erzeugungsort | Köln; |
| -- | Wien: |
| Produzent, Herausgeber, Distributor, Hersteller | Böhlau, |
| Datum der Herstellung, der Veröffentlichung, des Vertriebs oder des Urheberschutzvermerks | 1986. |
| 300 ## - Physische Beschreibung | |
| Umfang | 688 S. : Kt. |
| 365 ## - Handelspreis | |
| Währungscode | € |
| 440 #0 - Gesamttitelangabe/Nebeneintragung unter dem Gesamttitel - Sachtitelwerk | |
| Titel | Städteforschung: Reihe B, Handbücher |
| Bandnummer/Folgebezeichnung | Bd. 1 |
| Datensatzkontrollnummer | R1092 |
| 546 ## - Fußnote zur Sprache | |
| Sprache | deutsch |
| 653 ## - Indexierungsterm - Nicht normiert | |
| Nicht-normierter Term | Bibliographie |
| 942 ## - Zusätzliche Felder (Koha) | |
| Klassifikation oder Aufstellungssystematik | Andere/Generische Klassifikation |
| Koha-Medientyp | Bücher |
| Ausgeschieden | Verloren | Klassifikation oder Aufstellungssystematik | Beschädigt | Nicht entleihbar | Heimatbibliothek | Aufenthaltsbibliothek | Aufstellungsort | Erwerbungsdatum | Kodierter Standort-Qualifier | Kaufpreis | Anzahl Ausleihen | Signatur | Letzte Aktivität | Exemplarnummer | Preis gültig von | Koha-Medientyp |
|---|---|---|---|---|---|---|---|---|---|---|---|---|---|---|---|---|
| Andere/Generische Klassifikation | Stadtarchiv Frankfurt (Oder) | Archivbibliothek | Stadtarchiv Frankfurt (Oder) | Archivbibliothek | Lesesaal | 25/11/2020 | L | 136.00 | O22.B1.1 ; III:1919 | 25/11/2020 | 99/1993 | 25/11/2020 | Bücher |